Ingeniería del Software un enfoque práctico

Bibliographic Details
Main Author: Pressman, Roger S
Format: Section = Libro
Language:Undetermined
Spanish
Published: España México 2002
Edition:5a.ed
Subjects:
LEADER 00767nam a2200253Ia 4500
008 240830s9999 xx 000 0 und d
020 |a 84-481-3214-9 
040 |a B-ESTELÍ- RUACS / 005.1 P935 
041 |a spa 
082 |a 005.1 P935  
100 1 |a Pressman, Roger S 
245 1 0 |a Ingeniería del Software un enfoque práctico 
250 |a 5a.ed 
260 |a España  |b México  |c 2002 
300 |a 601 p. :il 
650 7 |a INGENIERÍA DE PROGRAMAS DE SOFWARET LOGICO - SOFTWARE 
650 7 |b  REINGENIERÍA 
650 7 |c  INGENIERÍA WEB 
650 7 |d  INGENIERÍA DE SOFTWARE - ORIENTADA A OBJETO 
650 7 |e  INGENIERÍA DE SOFTWARE - MÉTODOS CONVENCIONALES 
650 7 |f  GESTION DE PORYECTO 
942 |c BK  |2 ddc 
991 |a TEXTO 
999 |c 10557